000 00740nam a22002057a 4500
999 _c183664
_d183664
005 20211230155325.0
010 _aENG-130812
020 _a978-93-89811-60-5
_c280.00
035 _aEN-114344
037 _bDBAD
082 _a510
100 _aAgarwal, Ravi Kant
245 _aMathematics and Pedagogy (Class VI-VIII):
_cRavi Kant Agarwal, Deepak Pandey, Om Prakash
_bCTET/TET Subject-wise Magical Series Based on the Latest Pattern/
260 _aChennai
_bMcGraw Hill Education Private Limited
_c2017
270 _a444/1, Sri Ekambara Naicker Industrial Estate, Alapakkam, Porur
_bChennai
_e600116
300 _a320p
_c23cm(pbk)
700 _aPandey, Deepak
700 _aPrakash, Om
942 _2ddc
_cEN
_h510
_mAGA